Statistics for Russian Placenames in English

Click here to take the quiz!

General Stats

  • This quiz has been taken 194 times
  • The average score is 12 of 15

Answer Stats

HintAnswer% Correct
МоскваMoscow
99%
Санкт-Петербу́ргSaint Petersburg
95%
ВладивостокVladivostok
91%
СочиSochi
87%
ВолгоградVolgograd
83%
ИркутскIrkutsk
82%
ТулаTula
82%
МурманскMurmansk
80%
НовосибирскNovosibirsk
78%
ПсковPskov
78%
СмоленскSmolensk
78%
ЯкутскYakutsk
78%
Нижний НовгородNizhny Novgorod
70%
ГрозныйGrozny
68%
Петропавловск-КамчатскийPetropavlovsk-Kamchatsky
45%

Score Distribution

Percentile by Number Answered

Percent of People with Each Score

Your Score History

You have not taken this quiz